Manual de medidas acústicas y control del ruido.

Збережено в:
Бібліографічні деталі
Автор: Harris, Cyril M
Формат: Книга
Мова:Іспанська
Опубліковано: Madrid, España McGraw Hill 1995
Предмети:
Теги: Додати тег
Немає тегів, Будьте першим, хто поставить тег для цього запису!

MARC

LEADER 00000nam a2200000 a 4500
001 UCM2001
003 CL-VaPUC
005 20250227102555.0
008 020419e19950000SP |||||||||||||||||spa|d
999 |c 300092  |d 300090 
040 |c Pontificia Universidad Católica de Valparaíso 
082 0 4 |a 620.2 HAR 1995  |2 21 
100 |a Harris, Cyril M  |9 468821 
245 1 0 |a Manual de medidas acústicas y control del ruido. 
260 0 3 |a Madrid, España  |b McGraw Hill  |c 1995 
300 |a 2 volúmenes 
583 |a last modification  |c 20020419 00:00:00  |k Rodrigo Vera 
650 0 |a Acústica   |9 265389 
650 7 |a RUIDO  |2 CL-VaPUC  |9 263306 
650 7 |a MEDICIONES E INSTRUMENTOS DE MEDICION ACUSTICOS  |2 CL-VaPUC  |9 468822 
650 0 |a Vibraciones  |9 338108 
942 |c BK  |2 ddc 
945 |d 20020419 00:00:00  |a vberengu 
952 |0 0  |1 0  |4 0  |6 620_200000000000000_HAR_1995  |7 0  |8 A  |9 357412  |a BIBING  |b BIBING  |d 2019-11-21  |h v.1  |i 3810488  |o 620.2 HAR 1995  |p 3810488  |r 2025-01-20  |t 1  |w 2019-11-21  |y BK  |k EIE 
952 |0 0  |1 0  |4 0  |6 620_200000000000000_HAR_1995  |7 0  |8 A  |9 357413  |a BIBING  |b BIBING  |d 2019-11-21  |h v.2  |i 381047K  |o 620.2 HAR 1995  |p 381047K  |r 2025-01-20  |t 1  |w 2019-11-21  |y BK  |k EIE